| 000 | 00761cab a2200229 4500 | ||
|---|---|---|---|
| 001 | WB2804-03 | ||
| 008 | 090401t1992 xxu||||| |||| 00| 0 eng d | ||
| 035 | _a(Sirsi) u12893 | ||
| 041 | _aeng | ||
| 245 | _aLow tender trap | ||
| 260 | _c1992 | ||
| 350 | _a0 | ||
| 490 |
_aBuilding _v257(7729) 24 January 1992, 10(1) |
||
| 520 | _aConstruction leaders are warning that once the economy recovers, the number of contractors going into receivership could soar and that firms submitting low tenders for large fixed-price contracts are particularly vulnerable. | ||
| 650 | _aCONSTRUCTION COMPANIES | ||
| 650 | _aFIXED PRICE CONTRACTS | ||
| 650 | _aINSOLVENCIES | ||
| 650 | _aRECESSION | ||
| 690 | _aBUILT ENVIRONMENT | ||
| 942 | _n0 | ||
| 948 | _c04/03/1997 | ||
| 999 |
_c8276 _d8276 |
||